| 000 | 00903nam a2200289 i 4500 | ||
|---|---|---|---|
| 003 | DO-SdBNP | ||
| 005 | 20250416140808.0 | ||
| 007 | ta | ||
| 008 | 250416b2024 dr ||||| |||| 00| 0 spa d | ||
| 020 | _a9786078989126 | ||
| 040 |
_aDO-SdBNP _bspa _cBNPHU _erda |
||
| 041 | _aspa | ||
| 082 | 4 |
_axxx _bB511d _222 |
|
| 100 | 1 |
_aBerigüete, Marino, _d1962- _eautor _4aut. _916526 |
|
| 245 | 1 | 0 |
_aDonde empieza el hombre / _cMarino Berigüete |
| 250 | _aPrimera edición | ||
| 264 | 4 |
_aMéxico : _bCírculo de Poesía Ediciones, _c©2024. |
|
| 300 |
_a111 páginas : _c20 cm. |
||
| 336 |
_atexto _btxt _2rdacontent |
||
| 337 |
_asin mediación _bn _2rdamedia |
||
| 338 |
_avolumen _bnc _2rdacarrier |
||
| 490 | 0 | _aColección círculo de poesía | |
| 500 | _aIncluye datos biográficos del autor en la solapa de la cubierta. | ||
| 590 | _aInventariado, 2025 /LP | ||
| 910 | _aLP | ||
| 942 |
_2ddc _cLBS1 |
||
| 999 |
_c58488 _d58488 |
||